| 000 | 00562nam a22001457a 4500 | ||
|---|---|---|---|
| 999 |
_c11234 _d11234 |
||
| 008 | 181019b ||||| |||| 00| 0 eng d | ||
| 022 | _a0746-8342 | ||
| 082 | _aDPer 510.5 C697 Jan 2012-Sept 2015 v. 43 & 46, n. 1-4 | ||
| 100 |
_932337 _aMickens, Ronald E. |
||
| 245 |
_aAn exactly solvable model for the spread of disease/ _cRonald E. Mickens. |
||
| 260 |
_aWashington D. C.: _bMathematical Association of America, _c©Jul 2012-Sept 2015. |
||
| 300 |
_av43 n2, pages 114-122: _billustrations, _c28 cm. |
||
| 650 | 0 |
_932338 _aMathematics _xModels. |
|
| 942 |
_2ddc _cPER |
||